The Outsiders Trivia - Statistics

General Stats
  • This quiz has been taken 42 times
  • The average score is 12 of 15
Answer Stats
Question Answer % Correct
What does Ponyboy like? Sunsets
97%
Who dies? Dally, Bob, and Johnny
95%
Is Ponyboy his real name? His dad wanted to be original.... yes
95%
Who's point of view is the book in? Ponyboy
95%
Mentioning Sodapop, who is he?
92%
Who is Ponyboy's best friend? Johnny
92%
Does Ponyboy's hair look tuff? no (correct option)
89%
What does Two Bit like? Mickey Mouse, Chocolate Cake, and Beer
84%
Do we need justice for Mickey Mouse? (not the one from Disney) DO IT FOR SODAPOP!!! (Not Johnny)
81%
PB&J is; Ponyboy and Johnny
81%
What is Sodapop's horse named? Mickey Mouse
78%
Greasers or Socs? GREASERS>>>>>
76%
Which of the following characters work for DX (not the only character that does)
73%
Who is Sodapop's best friend? Steve
70%
Look what you did! You made me spill my eggs, Drop my spoon
41%
No matching quizzes found
Score Distribution
Percent of People with Each Score
Percentile by Number Answered
Your Score History
You have not taken this quiz